Rosa Juventus FC 2023-24 - Statistics

Statistiche generali
  • Questo quiz è stato fatto 246 volte
  • Il punteggio medio è 23 su 31
Statistiche sulle risposte
Numero Ruolo Giocatore Nazionalità % Corretto
3 DIF Bremer Brasile
99%
1 POR Wojciech Szczęsny Polonia
99%
6 DIF Danilo Brasile
98%
9 ATT Dušan Vlahović Serbia
97%
14 ATT Arkadiusz Milik Polonia
95%
4 DIF Federico Gatti Italia
95%
16 CEN Wenston McKennie Stati Uniti
94%
7 ATT Federico Chiesa Italia
93%
5 CEN Manuel Locatelli Italia
92%
23 POR Carlo Pinsoglio Italia
91%
15 ATT Kenan Yıldız Turchia
91%
36 POR Mattia Perin Italia
89%
22 CEN Timothy Weah Stati Uniti
88%
11 CEN Filip Kostić Serbia
87%
12 DIF Alex Sandro Brasile
86%
25 CEN Adrien Rabiot Francia
85%
21 CEN Nicolò Fagioli Italia
80%
10 CEN Paul Pogba Francia
80%
24 DIF Daniele Rugani Italia
73%
20 CEN Fabio Miretti Italia
73%
2 DIF Mattia De Sciglio Italia
73%
27 DIF Andrea Cambiaso Italia
70%
18 ATT Moise Kean Italia
70%
17 CEN Samuel Iling-Junior Inghilterra
65%
(13) (DIF) (Dean Huijsen) (Paesi Bassi / Spagna)
57%
33 DIF Tiago Djaló Portogallo
51%
26 CEN Carlos Alcaraz Argentina
43%
41 CEN Hans Nicolussi Caviglia Italia
41%
47 CEN Joseph Nonge Boende Belgio
31%
45 ATT Leonardo Cerri Italia
17%
39 CEN Nikola Sekulov Italia / Macedonia del Nord
16%
Nessun quiz corrispondente trovato
Distribuzione punteggi
Percentuale di utenti per punteggio
Percentile per numero di risposta
I tuoi punteggi nel tempo
Non hai fatto questo quiz